Advances in cement analysis and concrete petrography /

Bibliographic Details
Other Authors: Cong, Derek (Editor), Broton, Don (Editor)
Format: Book
Language:English
Published: West Conshohocken, PA : ASTM International, [2019]
Series:Journal of ASTM International. Selected technical papers ; STP 1613.
Subjects:

MARC

Tag First Indicator Second Indicator Subfields
LEADER 00000cam a22000008i 4500
001 in00004077721
005 20191021075133.0
008 181025s2019 paua b 000 0 eng
010 |a  2018051138 
020 |a 9780803176713  |q (pbk.) 
020 |a 0803176716  |q (pbk.) 
035 |a (OCoLC)on1060184154 
040 |a DLC  |b eng  |e rda  |c DLC  |d OCLCO  |d OCLCF  |d JHE  |d YDX  |d TXA  |d UtOrBLW 
042 |a pcc 
049 |a TXAM 
050 0 0 |a TA435  |b .A36 2019 
082 0 0 |a 624.1/8330287  |2 23 
245 0 0 |a Advances in cement analysis and concrete petrography /  |c editors, Derek Cong and Don Broton. 
264 1 |a West Conshohocken, PA :  |b ASTM International,  |c [2019] 
300 |a viii, 206 pages :  |b illustrations ;  |c 23 cm. 
336 |a text  |b txt  |2 rdacontent 
337 |a unmediated  |b n  |2 rdamedia 
338 |a volume  |b nc  |2 rdacarrier 
490 1 |a Selected technical papers ;  |v STP1613 
504 |a Includes bibliographical references. 
650 0 |a Concrete  |x Analysis.  |0 http://id.loc.gov/authorities/subjects/sh85030651 
650 0 |a Concrete  |x Defects.  |0 http://id.loc.gov/authorities/subjects/sh85030660 
650 0 |a Cement  |x Additives.  |0 http://id.loc.gov/authorities/subjects/sh85021732 
650 0 |a Petrology.  |0 http://id.loc.gov/authorities/subjects/sh85100472 
650 7 |a Cement  |x Additives.  |2 fast  |0 (OCoLC)fst00850433 
650 7 |a Concrete  |x Analysis.  |2 fast  |0 (OCoLC)fst00874134 
650 7 |a Concrete  |x Defects.  |2 fast  |0 (OCoLC)fst00874157 
650 7 |a Petrology.  |2 fast  |0 (OCoLC)fst01059885 
700 1 |a Cong, Derek,  |e editor.  |0 http://id.loc.gov/authorities/names/n2018061828 
700 1 |a Broton, Don,  |e editor.  |0 http://id.loc.gov/authorities/names/n2018061829 
776 0 8 |i Online version:  |t Advances in cement analysis and concrete petrography  |d West Conshohocken, PA : ASTM International, [2019]  |z 9780803176720  |w (DLC) 2018051744 
830 0 |a Journal of ASTM International.  |p Selected technical papers ;  |v STP 1613.  |0 http://id.loc.gov/authorities/names/no2010078765 
948 |a cataloged  |b h  |c 2019/6/21  |d c  |e ceaton  |f 10:29:20 am 
999 f f |s 52bf0fce-110b-3e9b-bad6-38b88c7e5e44  |i af851db7-1708-3b56-af81-044155cf6432  |t 0 
952 f f |p normal  |a Texas A&M University  |b College Station  |c Sterling C. Evans Library  |d Evans: Library Stacks  |t 0  |e TA435 .A36 2019  |h Library of Congress classification  |i unmediated -- volume  |m A14850949372 
998 f f |a TA435 .A36 2019  |t 0  |l Evans: Library Stacks